000 00925nam a22001817a 4500
999 _c59167
_d59167
003 Ge_BSU
005 20221201145654.0
008 221201s1982ge xxu||||| |||| 00| 0 geo d
041 _ageo
080 _a1(479.22)(092ნუცუბიძე, შ.) ნ-99
100 _aნუცუბიძე, ქეთევან, ავტ.
_916287
245 _aშალვა ნუცუბიძე :
_b(ეპიზოდები ცხოვრებიდან] /
_c ქეთევან ნუცუბიძე,[ ვ. ქვაჩახიას წინასიტყვ.].
264 _aთბილისი :
_b საბჭ. საქართველო,
_c1982.
300 _a202 გვ. :
_b 8 ფ. ილ. ;
_c21სმ.
653 _aქართველი ფილოსოფოსები.
700 _aქვაჩახია, ვ
_eწინასიტყვაობა
_916288
942 _2udc
_cBK